Tragedias / (Record no. 143863)

MARC details
000 -LEADER
campo de control de longitud fija 00814nam a2200253 4500
001 - NÚMERO DE CONTROL
campo de control 143863
003 - IDENTIFICADOR DE NÚMERO DE CONTROL
campo de control ES-MaACL
005 - FECHA Y HORA DE LA ÚLTIMA TRANSACCIÓN
campo de control 20250716062531.0
007 - CAMPO FIJO DE DESCRIPCIÓN FÍSICA--INFORMACIÓN GENERAL
campo de control de longitud fija t|
008 - DATOS DE LONGITUD FIJA--INFORMACIÓN GENERAL
campo de control de longitud fija 070214s1956 sp r ||||1| spa d
100 1# - ENTRADA PRINCIPAL--NOMBRE DE PERSONA
Nombre de persona Shakespeare, William,
Fechas asociadas al nombre 1564-1616
9 (RLIN) 105992
245 10 - MENCIÓN DEL TÍTULO
Título Tragedias /
Mención de responsabilidad, etc. Shakespeare ; traducción directa del inglés por M.-J. Barroso Bonzón ; (con notas del traductor).
250 ## - MENCION DE EDICION
Mención de edición 5ª ed.
260 ## - PUBLICACIÓN, DISTRIBUCIÓN, ETC.
Lugar de publicación, distribución, etc. Madrid :
Nombre del editor, distribuidor, etc. Ed. Ibéricas,
Fecha de publicación, distribución, etc. [1956] (
Fabricante Sèz)
300 ## - DESCRIPCIÓN FÍSICA
Extensión 437 p. ;
Dimensiones 16 cm.
500 ## - NOTA GENERAL
Nota general Contiene: Romeo y Julieta ---- Hamlet ---- El rey Lear ---- Macbeth.
700 0# - ENTRADA AGREGADA--NOMBRE PERSONAL
Nombre de persona Barroso-Bonzón, M. J.
9 (RLIN) 26068
740 0# - ENTRADA AGREGADA--TÍTULO RELACIONADO/ANALÍTICO NO CONTROLADO
Título relacionado o analítico no controlado Romeo y Julieta.
740 0# - ENTRADA AGREGADA--TÍTULO RELACIONADO/ANALÍTICO NO CONTROLADO
Título relacionado o analítico no controlado Hamlet.
740 0# - ENTRADA AGREGADA--TÍTULO RELACIONADO/ANALÍTICO NO CONTROLADO
Título relacionado o analítico no controlado El rey Lear.
740 0# - ENTRADA AGREGADA--TÍTULO RELACIONADO/ANALÍTICO NO CONTROLADO
Título relacionado o analítico no controlado Macbeth.
852 ## - LOCALIZACIÓN
Ubicación ES-MaACL
Número de control de estantería C-11134
Sublocalización o colección R.39205
Holdings
Estatus retirado Estado de pérdida Estado de daño No para préstamo Biblioteca de origen Biblioteca actual Ubicación en estantería Fecha de adquisición Fuente de adquisición Total de préstamos Signatura topográfica completa Código de barras Visto por última vez Precio de reemplazo Tipo de ítem Koha
        Biblioteca del Ateneo de Madrid Biblioteca del Ateneo de Madrid Sala Palomar 17/01/2008     C-11134 1149679 23/02/2023 23/02/2023 Libro impreso